00517cam a22001577a 4500008004000000020001500040082001400055100002000069245007700089260003200166300001000198650002700208700002000235999001900255952008500274180718b2001 xxu||||| |||| 00| 0 eng d a1861971184 aL053 B227 aBannock, Graham aInternational dictonary of financecby Graham Bannock and William Manser aLondonbProfile Booksc2001 a289p. aFinance - Dictionaries aManser, William c399375d399375 00104070aIIPAbIIPAd2002-03-19oL053 B227p77446r2018-07-21w2018-07-21yBK